000 00577nam a2200157 a 4500
008 120416nuuuuuuuu||||||||||||||||| || u
050 _aNA 702 Bul
100 _aBullrich, Francisco
245 1 1 _a`New directions in Latin American
260 _aLondon
_bStudio Vista
_cSan Francisco
300 _a128p. ; ill.
350 _a0.00
650 _aARCHITECTURAL DESIGN--EVALUATION
650 _aARCHITECTURE--LATIN AMERICA
995 _D0.00
_FCBU-MAIN LIBRARY (Kitwe)
_H1
_I5.00
_M1
_UAVAILABLE
_ZMain Library Open Access Collection
999 _c52113
_d52113